000 00342nam a2200145Ia 4500
008 230917s9999||||xx |||||||||||||| ||und||
040 _e135930
_aMAIN
041 _aEnglish
082 _a821.8 Y34S
100 _aYeats, William Butler
245 0 _aSelected poetry
260 _aLondon
_bMacmillan
_c1966
300 _a232 p.
942 _cBK
999 _c186477
_d186477